000 00248nam a22001097a 4500
008 170124b xxu||||| |||| 00| 0 eng d
020 _a9780071474610
041 _aeng
080 _a618.2
245 _aREVIEW PHARMACOLOGY
_cYOUNG, J
942 _2udc
_cBK
999 _c3507
_d3507